| 000 | 00638nam a22002057a 4500 | ||
|---|---|---|---|
| 999 |
_c7653 _d7653 |
||
| 003 | OSt | ||
| 005 | 20220124151046.0 | ||
| 008 | 220124b ||||| |||| 00| 0 eng d | ||
| 020 | _a9781412947633 | ||
| 040 | _cDDC | ||
| 082 | _a338.88 CAR 2008 | ||
| 100 |
_aCairns, George: Martyna Śliwa _915652 |
||
| 245 | _a A very Short, Fairly Interesting and Reasonably cheap book about international business | ||
| 260 |
_aLos Angeles: _b SAGE; _c 2008 |
||
| 300 |
_aviii, 176 pages ; _c21 cm |
||
| 504 | _aIncludes index. | ||
| 650 |
_aInternational business enterprises. _93738 |
||
| 650 |
_aInternational trade. _91473 |
||
| 942 |
_2ddc _cBOOK |
||